Transformation : the breakthrough

Bibliographic Details
Main Author: Strieber, Whitley
Format: Book
Published: New York : Beech Tree Books , 1988
Subjects:

MARC

LEADER 00000cam a2200000 7i4500
001 0000004903
002 000005287
005 20000330.0
020 |a 0688077005 
090 0 0 |a 001.942   |b STR 
100 1 |a Strieber, Whitley 
245 1 0 |a Transformation :   |b the breakthrough   |c Whitley Strieber 
260 |a New York :   |b Beech Tree Books ,   |c 1988 
300 |a 256 p. ;   |c 23 cm. 
650 0 0 |a Abduction 
650 0 0 |a Unidentified flying objects   |x Sightings and encounters 
999 |a 037645   |b BUKU   |c PINJAMAN   |e PERPUSTAKAAN KOMUNITI PETALING JAYA